Understanding and minimizing risk for strikes in Vietnam

The report shows a practical guide for strikes resolves. It is about What are the trends of strikes in Vietnam? Where are strikes occurring and How? Why workers go on strikes? How can employees and employers address the problems of labor relations. What re good practices?

Đã lưu trong:
書目詳細資料
主要作者: Sunoo, Jan Jung-Min
格式: 圖書
語言:Undetermined
出版: Vietnam International Labour Organization 2007
主題:
標簽: 添加標簽
沒有標簽, 成為第一個標記此記錄!
Thư viện lưu trữ: Trung tâm Học liệu Trường Đại học Cần Thơ
LEADER 00943nam a2200193Ia 4500
001 CTU_159917
008 210402s9999 xx 000 0 und d
082 |a 331.892 
082 |b S957 
100 |a Sunoo, Jan Jung-Min 
245 0 |a Understanding and minimizing risk for strikes in Vietnam 
245 0 |c Jan Jung-Min Sunoo 
260 |a Vietnam 
260 |b International Labour Organization 
260 |c 2007 
520 |a The report shows a practical guide for strikes resolves. It is about What are the trends of strikes in Vietnam? Where are strikes occurring and How? Why workers go on strikes? How can employees and employers address the problems of labor relations. What re good practices? 
650 |a Collective labor agreements,Strikes and lockouts,Đình công và phá hoại,Thỏa ước lao động tập thể 
904 |i Duyen, Trọng Hiếu 
980 |a Trung tâm Học liệu Trường Đại học Cần Thơ